00269nam a2200097Ia 4500008004100000100001700041245005300058260002000111300000800131650003200139190216s9999||||xx |||||||||||||| ||und|| aThomas Hardy 0aUnder The Green Wood Tree Or The Mellstock Quire bMacmillanc1971 a204 aEnglish Novel-English Novel